000 00960nam a22002777a 4500
001 16987680
003 OSt
005 20241217094352.0
008 241217b |||||||| |||| 00| 0 eng d
010 _a 2011041171
020 _a9781412989756 (pbk. : acidfree paper)
035 _a(OCoLC)ocn756837078
040 _aKMU
_cKMU
_dKMU
_beng
_erda
042 _apcc
050 0 0 _aLB3051
_b.S243 2013
100 1 _aSalkind, Neil J.
245 1 0 _aTests & measurement for people who (think they) hate tests & measurement /
_cNeil J. Salkind.
246 3 _aTests and measurement for people who (think they) hate tests and measurement
250 _a2nd ed.
260 _aThousand Oaks, Calif. :
_bSAGE Publications,
_cc2013.
300 _axxiii, 399 p. :
_bill. ;
_c26 cm.
504 _aIncludes bibliographical references and index.
650 0 _aEducational tests and measurements.
906 _a7
_bcbc
_corignew
_d1
_eecip
_f20
_gy-gencatlg
942 _2lcc
_cBK
_n0
999 _c1480
_d1480